00810cam a22002174a 4500020001500000040000800015082002600023100001800049245002700067260004100094300004900135500002000184650002300204700002000227856006000247856006700307856005900374942000700433999001700440952013500457 a0764536583 cDLC00a006 HUN 2002 A007 Or.1 aAlspach, Ted.10aIllustrator 10 bible / aNew York, NY :bHungry Minds,c2002. axxxiii, 854 p. :bill. (some col.) ;c24 cm. aIncludes index. 0aComputer graphics.1 aMurdock, Kelly.42uhttp://www.loc.gov/catdir/bios/wiley045/2001099727.html42uhttp://www.loc.gov/catdir/description/wiley038/2001099727.html41uhttp://www.loc.gov/catdir/toc/wiley022/2001099727.html cEK c12538d12538 0010406006_000000000000000_HUN_2002_A007_OR70962396aLBAbLBAcA007d2017-08-14o006 HUN 2002 A007 Or.pA15608r2017-08-14yEK